| 000 | 00356nam a2200145Ia 4500 | ||
|---|---|---|---|
| 008 | 230917s9999||||xx |||||||||||||| ||und|| | ||
| 040 |
_e37603 _aMAIN |
||
| 041 | _aEnglish | ||
| 082 | _a823.8 F774C:E | ||
| 100 | _aColmer, John | ||
| 245 | 0 | _aE M Forster: The personal voice | |
| 260 |
_aLondon _bRoutledge _c1975 |
||
| 300 | _axii, 243 p. | ||
| 942 | _cBK | ||
| 999 |
_c142183 _d142183 |
||